FORMAS DE SOCIEDAD Y ECONOMIA EN HISPANOAMERICA/

Guardado en:
Detalles Bibliográficos
Autor principal: Chiaramonte, José Carlos (autor)
Formato: Libro
Colección:HISTORIA
Temas:
Etiquetas: Agrega una etiqueta
Sin etiquetas, Sé el primero en etiquetar este registro!

MARC

LEADER 00000nam^a2200000^a^4500
001 000225006
005 20250521000000.0
009 20260310104111.183
020 |a 968-419-378-5 
035 |a 043940 
037 |a Acervo Xavier Clavigero 
082 |a 330. 98  |b CHI 
100 |a Chiaramonte, José Carlos  |e (autor) 
245 1 0 |a FORMAS DE SOCIEDAD Y ECONOMIA EN HISPANOAMERICA/  |c JOSE CARLOS CHIARAMONTE 
264 |a MEXICO :  |b GRIJALBO,  |c 1984 
300 |a 279p. 
336 |a texto  |b txt  |2 rdacontenido 
337 |a sin mediación  |b n  |2 rdamedio 
338 |a volumen  |b nc  |2 rdasoporte 
440 |a HISTORIA 
649 |a XX 
650 |a Iberoamérica -  |x Condiciones Económicas 
650 |a Iberoamérica -  |x Condiciones Sociales y Culturales 
910 |a Fondo General 
920 |a Impresos - Libros 
930 |a Colección General 
905 |a 101 
901 |a 043940  |b IT1  |c ACC  |i 043940  |u 20250521 
902 |a https://opac.biblio.iteso.mx/vufind/Record/000225006